Bioinformatics, Skills & Applications (Record no. 342695)
[ view plain ]
| 000 -LEADER | |
|---|---|
| fixed length control field | 00470nam a22000977a 4500 |
| 003 - CONTROL NUMBER IDENTIFIER | |
| control field | ASAB |
| 005 - DATE AND TIME OF LATEST TRANSACTION | |
| control field | 20180116125036.0 |
| 008 - FIXED-LENGTH DATA ELEMENTS--GENERAL INFORMATION | |
| fixed length control field | 141021t xxu||||| |||| 00| 0 eng d |
| 020 ## - INTERNATIONAL STANDARD BOOK NUMBER | |
| International Standard Book Number | 81-239-0885-7 |
| 040 ## - CATALOGING SOURCE | |
| Transcribing agency | ASAB |
| 082 ## - DEWEY DECIMAL CLASSIFICATION NUMBER | |
| Classification number | 572.86 |
| 100 ## - MAIN ENTRY--PERSONAL NAME | |
| Personal name | S.C Rastogi |
| 9 (RLIN) | 941 |
| 245 ## - TITLE STATEMENT | |
| Title | Bioinformatics, Skills & Applications |
| 246 ## - VARYING FORM OF TITLE | |
| Title proper/short title | Bioinformatics concepts skills and applications |
| 260 ## - PUBLICATION, DISTRIBUTION, ETC. | |
| Place of publication, distribution, etc. | Darya Ganj, New Delhi. |
| Name of publisher, distributor, etc. | CBS Publishers & Distributors |
| Date of publication, distribution, etc. | 2003 (Reprited 2006) |
| 300 ## - PHYSICAL DESCRIPTION | |
| Extent | xv, 352 P. |
| 630 ## - SUBJECT ADDED ENTRY--UNIFORM TITLE | |
| Uniform title | Bioinformatics |
| 9 (RLIN) | 5406 |
| 942 ## - ADDED ENTRY ELEMENTS (KOHA) | |
| Source of classification or shelving scheme | |
| Koha item type | Book |
| Withdrawn status | Lost status | Source of classification or shelving scheme | Damaged status | Not for loan | Collection code | Permanent Location | Current Location | Date acquired | Total Checkouts | Full call number | Barcode | Date last seen | Price effective from | Koha item type |
|---|---|---|---|---|---|---|---|---|---|---|---|---|---|---|
| Central Library (CL) | Central Library (CL) | 01/16/2018 | 572.86 RAS | ASAB1747 | 09/25/2024 | 01/16/2018 | Book |
